000 00721cam a2200265 i 4500
001 768714001
003 CO-MdFUSB
005 20240604101951.0
007 ta
008 240601t1963 -us||||| |||| 00| 0 eng d
040 _cCO-MdFUSB
041 0 _aeng
082 0 4 _224
_a234
_bS325t
100 1 _aSchepers, Maurice Bonaventure
_eautor
245 1 0 _aThe church of Christ
_c/ Maurice Bonaventure Schepers
264 1 _bPrentice Hall,
_aEnglewood Cliffs, N.J., USA :
_c[1963]
264 4 _c©1963
300 _a188 páginas
336 _atexto
_btxt
_2rdacontent
337 _2rdamedia
_asin mediación
_bn
338 _2rdacarrier
_avolumen
_bnc
653 _aEclesiología
942 _cBK
945 _aestudiante
999 _c34781
_d34781